| 000 | 00615nam a22001937a 4500 | ||
|---|---|---|---|
| 003 | OSt | ||
| 005 | 20260327071118.0 | ||
| 008 | 260327b |||||||| |||| 00| 0 eng d | ||
| 020 | _a978-621-04-0256-8 | ||
| 040 |
_aDWCL - Main Lib. _cOC |
||
| 082 | _aFil. 899.211 P984 2020 | ||
| 100 | _aSantos C. Bernie | ||
| 245 |
_aPunla: _bmga panitikang rehiyonal at ibong adarna / _cBernie C. Santos |
||
| 260 |
_aManila Philippine: _bRex Store, _cc2020. |
||
| 300 |
_a531 p.: _bill.; _c25 cm. |
||
| 650 | _a1. Ibong Adarna- Philippine Literature. | ||
| 650 | _a2. Philippine Literature | ||
| 942 |
_2ddc _cBK - FIL _mFil. _n0 |
||
| 999 |
_c9293 _d9293 |
||